MCU HYDRA Leaders - Statistics

General Stats
  • This quiz has been taken 66 times
  • The average score is 5 of 10
Answer Stats
Picture Answer % Correct
Red Skull
100%
Arnim Zola
90%
Alexander Pierce
81%
Baron Strucker
74%
Grant Ward
43%
Hive
43%
John Garrett
36%
Gideon Malick
29%
Daniel Whitehall
21%
General Hale
17%
No matching quizzes found
Score Distribution
Percent of People with Each Score
Percentile by Number Answered
Your Score History
You have not taken this quiz